English Legal System: (Record no. 613829)
[ view plain ]
| 000 -LEADER | |
|---|---|
| fixed length control field | 00338nam a22001097a 4500 |
| 082 ## - DEWEY DECIMAL CLASSIFICATION NUMBER | |
| Classification number | 349.42 |
| Author Mark | ENG |
| 245 ## - TITLE STATEMENT | |
| Title | English Legal System: |
| Remainder of title | 2000-2001 LLB Examination Questions and Suggested Solutions / |
| Statement of responsibility, etc. | Solutions by Vickneswaren Krishnan |
| 260 ## - PUBLICATION, DISTRIBUTION, ETC. | |
| Place of publication, distribution, etc. | London: |
| Name of publisher, distributor, etc. | Old Bailey Press, |
| Date of publication, distribution, etc. | 2002. |
| 300 ## - PHYSICAL DESCRIPTION | |
| Extent | 66 p. |
| 563 ## - BINDING INFORMATION | |
| Binding note | PB. |
| 942 ## - ADDED ENTRY ELEMENTS (KOHA) | |
| Source of classification or shelving scheme | |
| Koha item type | Book |
| Withdrawn status | Lost status | Source of classification or shelving scheme | Damaged status | Not for loan | Permanent Location | Current Location | Date acquired | Total Checkouts | Full call number | Barcode | Date last seen | Price effective from | Koha item type |
|---|---|---|---|---|---|---|---|---|---|---|---|---|---|
| NUST Law School (NLS) | NUST Law School (NLS) | 05/30/2025 | 349.42 ENG | NLSD-120 | 05/30/2025 | 05/30/2025 | Book |
